|
|
|
|
| LEADER |
00596cam a2200157 7i4500 |
| 001 |
0000021698 |
| 005 |
20081022090000.0 |
| 090 |
0 |
0 |
|a M 338.64209595
|b INS
|
| 110 |
2 |
0 |
|a Institute for International Trade and Investment
|
| 245 |
2 |
0 |
|a Survey on SME policies in 6 ASEAN countries :
|b Malaysia.
|
| 260 |
0 |
0 |
|a Tokyo:
|b Institute for International Trade and Investment,
|c 2008.
|
| 300 |
# |
# |
|a [ v.p].
|
| 650 |
0 |
0 |
|a Small business --
|x Government policy --
|z Malaysia
|
| 650 |
0 |
0 |
|a Small and medium enterprises (SME's) --
|z Malaysia
|
| 651 |
0 |
0 |
|a Malaysia
|
| 999 |
|
|
|a 0000022759
|b Book
|c Malaysia
|e Business Information Centre
|